000 01744cam a22004334i 4500
003 URS
005 20220125105604.0
007 co uga||||||||
008 060810s2008 paua b 001 0 eng
020 _a0781759781 (onevolume ed. : alk. paper)
020 _a9780781759786 (onevolume ed. : alk. paper)
020 _a0781766958 (twovolume ed. : alk. paper)
020 _a9780781766951 (twovolume ed. : alk. paper)
040 _erda
_cURS
_bEnglish
050 0 0 _aRT41
_b.B836 2008
245 0 0 _aBrunner & Suddarth's textbook of medical-surgical nursing /
_cSuzanne C. Smeltzer...[and three others].
246 3 _aBrunner and Suddarth's textbook of medical-surgical nursing
246 3 0 _aTextbook of medical-surgical nursing
250 _a11th ed.
264 _aPhiladelphia :
_bLippincott Williams and Wilkins,
_c©2008.
300 _axxix, 2630, 109 pages :
_billustrations ;
_c29 cm.
336 _atext
_btxt
_2rdacontent
337 _acomputer
_bc
_2rdamedia
338 _aother
_bcz
_2rdacarrier
347 _adata file
_2rda
500 _aPrevious edition: 2004.
504 _aIncludes bibliographical references and index.
650 0 _aNursing.
_91023
650 0 _aSurgical nursing.
_91085
650 0 _aNursing care
_91039
_vExaminations, questions, etc.
650 0 _aPerioperative nursing.
_91087
700 _aSmeltzer, Suzanne C.,
_eeditor.
_91088
700 _aBare, Brenda G.,
_eeditor.
_91089
700 _aHinkle, Janice L.,
_eeditor.
_91090
700 _aCheever, Kerry H.,
_eeditor.
_91091
856 4 1 _3Table of contents only
_uhttp://www.loc.gov/catdir/toc/ecip0619/2006026479.html
856 4 2 _3Publisher description
_uhttp://www.loc.gov/catdir/enhancements/fy0712/2006026479-d.html
942 _2lcc
_cFR
999 _c10913
_d10913